<?xml version="1.0" encoding="UTF-8"?>
<record
    xmlns:xsi="http://www.w3.org/2001/XMLSchema-instance"
    xsi:schemaLocation="http://www.loc.gov/MARC21/slim http://www.loc.gov/standards/marcxml/schema/MARC21slim.xsd"
    xmlns="http://www.loc.gov/MARC21/slim">

  <leader>01887    a2200205   4500</leader>
  <controlfield tag="001">54330</controlfield>
  <controlfield tag="005">20260407155815.0</controlfield>
  <controlfield tag="008">260407a1972    arg                 spa d</controlfield>
  <controlfield tag="003">AR-UNSa-BCEJYS</controlfield>
  <datafield tag="040" ind1=" " ind2=" ">
    <subfield code="a">AR-UNSa-BCEJYS</subfield>
    <subfield code="b">spa</subfield>
    <subfield code="c">AR-UNSa-BCEJYS</subfield>
  </datafield>
  <datafield tag="080" ind1=" " ind2=" ">
    <subfield code="a">330</subfield>
    <subfield code="x">Econom&#xED;a en general</subfield>
  </datafield>
  <datafield tag="245" ind1="1" ind2="0">
    <subfield code="a">Introducci&#xF3;n a la econom&#xED;a</subfield>
  </datafield>
  <datafield tag="264" ind1=" " ind2="1">
    <subfield code="a">Madrid :</subfield>
    <subfield code="b">Tecnos</subfield>
    <subfield code="c">1972</subfield>
  </datafield>
  <datafield tag="300" ind1=" " ind2=" ">
    <subfield code="a">829 p.</subfield>
    <subfield code="c">23 cm.</subfield>
  </datafield>
  <datafield tag="505" ind1=" " ind2=" ">
    <subfield code="a">1. Lo que estudian las ciencias econ&#xF3;micas - 2. Dimensiones de la econom&#xED;a americana - 3. La econom&#xED;a de subsistencia.La econom&#xED;a dirigida - 4. La econom&#xED;a de mercado - 5. El precio de los mercados de productos  - 6. El costo y el precio en la libre competencia - 7. El poder del monopolio en los mercados de productos - 8. Mercados de trabajo y determinnaci&#xF3;n de salarios-  9. Mercados de moneda, inter&#xE9;s y beneficio - 10. Competencia, planificaci&#xF3;n y eficacia econ&#xF3;mica - 11. La promoci&#xF3;n de la competencia - 12. La restricci&#xF3;n de la competencia - 13. Los sindicatos y los convenios colectivos - 14. La desigualdad de la renta y la pol&#xED;tica econ&#xF3;mica oficial - 15. La econom&#xED;a oficial - 16. La econom&#xED;a internacional - 17. La renta nacional - 18. El nivel de la renta nacional - 19. El an&#xE1;lisis de la renta:Derivaciones y aplicaciones - 20. Impuestos, gastos p&#xFA;blicos y pol&#xED;tica fiscal - 21. La oferta de dinero - 22. La influencia de la pol&#xED;tica monetaria 23. Las fluctuaciones de la renta nacioanal - 24. La pol&#xED;tica de la estabilidad econ&#xF3;mica - 25. La naturaleza del desarrollo econ&#xF3;mico - 26. El desarrollo de la econom&#xED;a norteamericana - 27. La experiencia sov&#xE9;tica:&#xBF;Una carrera de desarrollo? - 28. Los pa&#xED;ses pobres - 29. La estrategia del desarrollo econ&#xF3;mico - 30. El desarrollo econ&#xF3;mico  y el inter&#xE9;s norteamericano </subfield>
  </datafield>
  <datafield tag="041" ind1=" " ind2=" ">
    <subfield code="a">spa</subfield>
  </datafield>
  <datafield tag="942" ind1=" " ind2=" ">
    <subfield code="c">BK</subfield>
  </datafield>
  <datafield tag="590" ind1=" " ind2=" ">
    <subfield code="a">niveau_biblio:m niveau_hierar:0</subfield>
  </datafield>
  <datafield tag="100" ind1="1" ind2=" ">
    <subfield code="a">Reynolds, Lloyd G.</subfield>
  </datafield>
  <datafield tag="999" ind1=" " ind2=" ">
    <subfield code="c">5494</subfield>
    <subfield code="d">5494</subfield>
  </datafield>
  <datafield tag="952" ind1=" " ind2=" ">
    <subfield code="0">0</subfield>
    <subfield code="1">0</subfield>
    <subfield code="4">0</subfield>
    <subfield code="7">0</subfield>
    <subfield code="a">BCEJYS</subfield>
    <subfield code="b">BCEJYS</subfield>
    <subfield code="c">16</subfield>
    <subfield code="d">2026-04-07</subfield>
    <subfield code="l">0</subfield>
    <subfield code="o">330 R462</subfield>
    <subfield code="p">L23818</subfield>
    <subfield code="r">2026-04-07 15:58:15</subfield>
    <subfield code="w">2026-04-07</subfield>
    <subfield code="y">L</subfield>
  </datafield>
</record>
